Por una política energética sustentable y contra la ley privatizadora /

में बचाया:
ग्रंथसूची विवरण
मुख्य लेखक: Rivas, Gabriel
स्वरूप: मूलपाठ
विषय:
टैग: टैग जोड़ें
कोई टैग नहीं, इस रिकॉर्ड को टैग करने वाले पहले व्यक्ति बनें!

MARC

LEADER 00000 a a2200000 04500
001 581
003
040
100 |a Rivas, Gabriel  
245 |a Por una política energética sustentable y contra la ley privatizadora /  |c Gabriel Rivas 
650 |a ENERGIA  
650 |a POLITICA ENERGETICA  
650 |a TELECOMUNICACIONES  
650 |a PRIVATIZACION  
773 |g número 78; página 10  
999 |c 33627  |d 33627